000 01123nam a2200265 a 4500
001 26167
003 CO-ViMGA
005 20230915223755.0
008 141112s2004 ck r 000 u spa d
015 _ack - 2012 - xxxx
020 _a9789582422783
040 _aCO-ViMGA
_bspa
_cCO-ViMGA
082 0 4 _a460.7 P35 7
245 1 0 _aLos caminos del saber :
_blenguaje 7 /
_cCamilo Hernán Pinzón Martínez ... [et al.] ; ilustradores Andrés Felipe Católico Moreno ... [et al.] ; fotógrafos Ana María Restrepo, Juan Giraldo, Marcela Salazar.
250 _aEditor Sergio Peralta Hernández.
260 _aBogotá :
_bEditorial Santillana,
_c2012.
300 _a288 p. : il., fot. ; 28 cm.
490 0 _aLos caminos del saber lenguaje
500 _aTexto para la enseñanza del área de formación de lenguaje para el grado séptimo de educación básica secundaria. Edición alumno.
504 _aIncluye bibliografía e índice.
650 1 4 _aEspañol - Enseñanza secundaria.
700 1 _aPinzón Martínez, Camilo Hernán.
_94596
942 _2ddc
_cBK
949 _ac n
999 _c10349
_d10349